000
00352 a2200169 4500
001
183030
020
_a
040
_c
Magnum
100
_a
Dostoievski, F. M.
240
1
0
_a
O adolescente
_l
por
245
1
0
_a
O adolescente
300
_a
537
362
0
_a
1967
440
1
_a
José Olympio
697
_a
LITERATURA GERAL ESTRANGEIRA
942
_c
BK
999
_c
183030
_d
183030